Pokémon Multiple Choice Quiz - Statistics

General Stats
  • This quiz has been taken 484 times
  • The average score is 7 of 15
Answer Stats
Question Answer % Correct
Which one of these forms is not one of Deoxys’s? Health Form
87%
What is the name of the Pokémon Meltan evolves into? Melmetal
79%
What Pokémon does Seel evolve into? Dewgong
74%
Which generation is Cranidos from? Generation 4
60%
How does Gloom evolve into Bellossom? Sun Stone
57%
How many talons does Articuno have on its head? 3
53%
Which two types are Fletchling? Normal - Flying
46%
Which plant is Victreebel based on? Pitcher Plant
43%
Which color combo does Shiny Aggron possess? Blue and Beige
39%
In which of these games are Glameow and Purugly? Pearl
38%
How tall/wide is Bruxish? 2’ 11”
31%
How much does Snom weigh? 8.4 LB.
18%
At what level does Venonat evolve into Venomoth? 31
17%
How many clouds of gas does Koffing have around it? 8
17%
Which classification is Masquerain? Eyeball Pokémon
13%
No matching quizzes found
Score Distribution
Percent of People with Each Score
Percentile by Number Answered
Your Score History
You have not taken this quiz